| 000 | 01079nam a2200361 4500 | ||
|---|---|---|---|
| 001 | 0292845 | ||
| 003 | DO-SdBNP | ||
| 005 | 20180207091103.0 | ||
| 007 | 0292845 | ||
| 008 | 930601r1992 sp spa | ||
| 016 | 7 |
_a _2BPMSU |
|
| 017 |
_a _b |
||
| 020 | _a8434822482 | ||
| 035 | _a | ||
| 040 |
_aBPMSU _bspa _cBPMSU _e |
||
| 041 | 1 |
_aspa _h |
|
| 080 | 0 | _a | |
| 100 | 1 | _aHeiser, Gabriele | |
| 240 | 1 | 0 |
_aJakob ist kein armer Vogel! _lespañol |
| 245 | 1 | 0 |
_aJacobo no es un pobre diablo _h _cGabriele Heiser ; ilustraciones, Francisco Meléndez ; traducción Lola Romero |
| 250 | _a6ª ed. | ||
| 260 | 1 |
_aMadrid _bSM, _c1992 |
|
| 300 |
_a102 p.; _bil. : _c20 cm |
||
| 490 | 1 |
_aEl barco de vapor _v127. _aSerie azul _v26 |
|
| 500 | _aPara niños a partir de 7 años | ||
| 700 | 1 |
_aMeléndez, Francisco _d1964- _eilustración |
|
| 700 | 1 |
_aRomero, Lola _ctraductor |
|
| 830 | 3 |
_aEl barco de vapor _v127 |
|
| 830 | 3 |
_aEl barco de vapor. _pSerie azul _v26 |
|
| 942 |
_2ddc _cBK |
||
| 945 | _ainventariado, 2018 / dg | ||
| 956 |
_aVMATEO _210 _320160407 _6BPMSU _80069 |
||
| 999 |
_c9613 _d9613 |
||